000 00623nam a22001937a 4500
999 _c170902
_d170902
005 20191230125852.0
010 _aA-485662
020 _c250.00
_a85360820
035 _aA-485662
037 _bBPPD
082 _a840.8
100 _aجميل جا لبی
245 _aا ر سطو سے ا يليٹ تک
_cجميل جا لبی
246 _aAristo Se Elliot Tak (Urdu)
_bby Jamil Jalibi
260 _a-
_c1992 ء
_bEducational Publishing House
270 _a3108,Gali Azizuddin,Kucha Pandit,Lal Kuan
_bDelhi
_k526162
_e110006
300 _a686 ص
_c22 cm(hb)
942 _2ddc
_cUR
_h840.8
_mج م ی